[Event "CRO-chT U18 Girls"]
[Site "Cakovec"]
[Date "2019.12.30"]
[Round "5.1"]
[White "Radovic, Emma"]
[Black "Dejanovic, Tereza"]
[Result "0-1"]
[WhiteElo "1608"]
[BlackElo "1807"]
[PlyCount "78"]
[EventDate "2019.12.27"]
[EventType "team-tourn"]
[EventRounds "5"]
[EventCountry "CRO"]
[SourceTitle "CBM 194 Extra"]
[Source "ChessBase"]
[SourceDate "2020.03.31"]
[SourceVersion "1"]
[SourceVersionDate "2020.03.31"]
[SourceQuality "1"]

1. d4 d5 2. c4 e6 3. Nc3 Nf6 4. Nf3 b6 5. Bg5 Be7 6. e3 h6 7. Bh4 0-0 8. Bd3 Bb7 9. 0-0 Nbd7 10. b3 c5 11. Rc1 Rc8 12. Bb1 cxd4 13. exd4 dxc4 14. bxc4 Rxc4 15. Qd3 Rc8 16. Ne5 Nxe5 17. dxe5 Qxd3 18. Bxd3 Nd5 19. Bxe7 Nxe7 20. a4 Nc6 21. Rfe1 Nb4 22. Be4 Bxe4 23. Rxe4 Nd5 24. Ne2 Rxc1+ 25. Nxc1 Rc8 26. Na2 Rc2 27. g3 Rxa2 28. h4 a6 29. Rc4 h5 30. Rc8+ Kh7 31. Rf8 Kg6 32. f4 Rxa4 33. Kf2 b5 34. Kf3 Ra3+ 35. Ke4 Nc3+ 36. Kf3 b4 37. g4 Nb5+ 38. Ke4 hxg4 39. Rh8 f5+ 0-1